[Event "DEM U18w 2025"]
[Site "Willingen GER"]
[Date "2025.06.08"]
[Round "2"]
[White "Bräutigam, Katerina"]
[Black "Heidemann, Nora"]
[Result "0-1"]
[Termination "normal"]
[Board "1"]
[WhiteTitle "WFM"]
[WhiteElo "2095"]
[BlackElo "1851"]
[WhiteClock "00:29:27"]
[BlackClock "01:19:17"]
[PlyCount "86"]
[WhiteFideId "16242980"]
[BlackFideId "34609253"]
[EventCountry "GER"]
[EventRounds "9"]
[EventType "swiss"]
[EventDate "2025.06.07"]

1. d4 {[%clk 01:30:57]} {[%emt 00:00:03]} Nf6 {[%clk 01:30:48]} {[%emt
00:00:13]} 2. Bf4 {[%clk 01:31:21]} {[%emt 00:00:06]} g6 {[%clk 01:31:13]}
{[%emt 00:00:05]} 3. Nd2 {[%clk 01:31:24]} {[%emt 00:00:27]} d5 {[%clk
01:31:39]} {[%emt 00:00:04]} 4. e3 {[%clk 01:31:23]} {[%emt 00:00:30]} Bg7
{[%clk 01:32:04]} {[%emt 00:00:06]} 5. Ngf3 {[%clk 01:31:12]} {[%emt 00:00:41]}
O-O {[%clk 01:32:27]} {[%emt 00:00:07]} 6. h3 {[%clk 01:30:10]} {[%emt
00:01:32]} c5 {[%clk 01:32:52]} {[%emt 00:00:06]} 7. c3 {[%clk 01:29:18]}
{[%emt 00:01:22]} Nc6 {[%clk 01:33:14]} {[%emt 00:00:07]} 8. dxc5 {[%clk
01:26:56]} {[%emt 00:02:52]} a5 {[%clk 01:28:40]} {[%emt 00:05:04]} 9. a4
{[%clk 01:20:10]} {[%emt 00:07:16]} Re8 {[%clk 01:25:51]} {[%emt 00:03:19]} 10.
Bb5 {[%clk 01:14:23]} {[%emt 00:06:17]} Bf5 {[%clk 01:11:07]} {[%emt 00:15:14]}
11. Ne5 {[%clk 00:59:34]} {[%emt 00:15:19]} Rc8 {[%clk 01:05:42]} {[%emt
00:05:55]} 12. Nxc6 {[%clk 00:53:15]} {[%emt 00:06:48]} bxc6 {[%clk 01:05:54]}
{[%emt 00:00:20]} 13. Ba6 {[%clk 00:51:52]} {[%emt 00:01:52]} e5 {[%clk
01:00:42]} {[%emt 00:05:41]} 14. Bxc8 {[%clk 00:47:50]} {[%emt 00:04:33]} Bxc8
{[%clk 01:00:40]} {[%emt 00:00:32]} 15. Bh2 {[%clk 00:45:41]} {[%emt 00:02:39]}
Ba6 {[%clk 01:00:35]} {[%emt 00:00:34]} 16. Qc2 {[%clk 00:35:17]} {[%emt
00:10:54]} d4 {[%clk 00:59:25]} {[%emt 00:01:40]} 17. c4 {[%clk 00:23:18]}
{[%emt 00:12:28]} dxe3 {[%clk 00:58:51]} {[%emt 00:01:05]} 18. fxe3 {[%clk
00:23:08]} {[%emt 00:00:39]} Nd7 {[%clk 00:56:55]} {[%emt 00:02:27]} 19. Nb3
{[%clk 00:09:14]} {[%emt 00:14:24]} Qh4+ {[%clk 00:56:10]} {[%emt 00:01:15]}
20. g3 {[%clk 00:09:11]} {[%emt 00:00:33]} Qxh3 {[%clk 00:56:34]} {[%emt
00:00:06]} 21. O-O-O {[%clk 00:05:44]} {[%emt 00:03:57]} e4 {[%clk 00:55:44]}
{[%emt 00:01:20]} 22. Rd2 {[%clk 00:02:55]} {[%emt 00:03:19]} Ne5 {[%clk
00:52:28]} {[%emt 00:03:46]} 23. Rhd1 {[%clk 00:00:49]} {[%emt 00:02:36]} Nxc4
{[%clk 00:52:42]} {[%emt 00:00:17]} 24. Rd8 {[%clk 00:00:34]} {[%emt 00:00:45]}
Bxb2+ {[%clk 00:52:31]} {[%emt 00:00:41]} 25. Qxb2 {[%clk 00:00:33]} {[%emt
00:00:31]} Nxb2 {[%clk 00:52:59]} {[%emt 00:00:01]} 26. Rxe8+ {[%clk 00:00:38]}
{[%emt 00:00:25]} Kg7 {[%clk 00:53:24]} {[%emt 00:00:05]} 27. Kxb2 {[%clk
00:00:33]} {[%emt 00:00:37]} Qxh2+ {[%clk 00:53:35]} {[%emt 00:00:18]} 28. Rd2
{[%clk 00:00:37]} {[%emt 00:00:25]} Qxg3 {[%clk 00:52:51]} {[%emt 00:01:15]}
29. Rxe4 {[%clk 00:00:38]} {[%emt 00:00:29]} h5 {[%clk 00:52:23]} {[%emt
00:00:57]} 30. Rd7 {[%clk 00:00:32]} {[%emt 00:00:36]} Bc8 {[%clk 00:51:43]}
{[%emt 00:01:10]} 31. Rdd4 {[%clk 00:00:33]} {[%emt 00:00:30]} Bf5 {[%clk
00:51:22]} {[%emt 00:00:51]} 32. Re8 {[%clk 00:00:32]} {[%emt 00:00:30]} h4
{[%clk 00:51:18]} {[%emt 00:00:34]} 33. Rdd8 {[%clk 00:00:32]} {[%emt
00:00:30]} h3 {[%clk 00:50:51]} {[%emt 00:00:57]} 34. Nd4 {[%clk 00:00:39]}
{[%emt 00:00:23]} Qf2+ {[%clk 00:50:22]} {[%emt 00:00:58]} 35. Ka3 {[%clk
00:00:35]} {[%emt 00:00:35]} h2 {[%clk 00:48:23]} {[%emt 00:02:29]} 36. Nxf5+
{[%clk 00:00:34]} {[%emt 00:00:31]} Qxf5 {[%clk 00:47:35]} {[%emt 00:01:18]}
37. Rg8+ {[%clk 00:00:32]} {[%emt 00:00:32]} Kf6 {[%clk 00:47:47]} {[%emt
00:00:18]} 38. Rh8 {[%clk 00:00:33]} {[%emt 00:00:30]} Qxc5+ {[%clk 00:47:44]}
{[%emt 00:00:32]} 39. Kb3 {[%clk 00:00:33]} {[%emt 00:00:30]} Qb6+ {[%clk
00:48:01]} {[%emt 00:00:14]} 40. Kc2 {[%clk 00:00:51]} {[%emt 00:00:11]} Qxd8
{[%clk 00:48:25]} {[%emt 00:00:06]} 41. Rxd8 {[%clk 00:29:57]} {[%emt
00:01:24]} h1=Q {[%clk 01:18:47]} {[%emt 00:00:08]} 42. Rd4 {[%clk 00:29:21]}
{[%emt 00:01:06]} Ke5 {[%clk 01:18:57]} {[%emt 00:00:21]} 43. Rc4 {[%clk
00:29:27]} {[%emt 00:00:23]} Qe4+ {[%clk 01:19:17]} {[%emt 00:00:10]} 0-1

[Event "DEM U18w 2025"]
[Site "Willingen GER"]
[Date "2025.06.08"]
[Round "2"]
[White "Malmström, Eva"]
[Black "Sereda, Yaroslava"]
[Result "1-0"]
[Termination "normal"]
[Board "2"]
[BlackTitle "WFM"]
[WhiteElo "1929"]
[BlackElo "2107"]
[WhiteClock "00:01:59"]
[BlackClock "00:01:14"]
[PlyCount "83"]
[WhiteFideId "34607072"]
[BlackFideId "14178940"]
[EventCountry "GER"]
[EventRounds "9"]
[EventType "swiss"]
[EventDate "2025.06.07"]

1. e4 {[%clk 01:30:59]} {[%emt 00:00:01]} c5 {[%clk 01:30:55]} {[%emt
00:00:06]} 2. Be2 {[%clk 01:31:18]} {[%emt 00:00:10]} Nc6 {[%clk 01:29:58]}
{[%emt 00:01:28]} 3. f4 {[%clk 01:31:38]} {[%emt 00:00:09]} g6 {[%clk
01:28:13]} {[%emt 00:02:15]} 4. d3 {[%clk 01:31:50]} {[%emt 00:00:18]} Bg7
{[%clk 01:28:05]} {[%emt 00:00:38]} 5. Nf3 {[%clk 01:31:32]} {[%emt 00:00:47]}
d6 {[%clk 01:13:03]} {[%emt 00:15:33]} 6. c3 {[%clk 01:31:05]} {[%emt
00:00:58]} Nf6 {[%clk 01:11:34]} {[%emt 00:01:59]} 7. O-O {[%clk 01:31:12]}
{[%emt 00:00:21]} O-O {[%clk 01:11:40]} {[%emt 00:00:26]} 8. Qe1 {[%clk
01:29:48]} {[%emt 00:01:53]} e6 {[%clk 01:06:03]} {[%emt 00:06:07]} 9. Qh4
{[%clk 01:21:16]} {[%emt 00:09:01]} Qb6 {[%clk 00:59:29]} {[%emt 00:07:05]} 10.
Na3 {[%clk 01:15:17]} {[%emt 00:06:29]} d5 {[%clk 00:56:59]} {[%emt 00:03:01]}
11. e5 {[%clk 01:14:13]} {[%emt 00:01:33]} Nd7 {[%clk 00:54:58]} {[%emt
00:02:31]} 12. Nc2 {[%clk 01:13:09]} {[%emt 00:01:34]} a6 {[%clk 00:50:04]}
{[%emt 00:05:25]} 13. Kh1 {[%clk 01:11:11]} {[%emt 00:02:27]} Qd8 {[%clk
00:48:09]} {[%emt 00:02:25]} 14. Qh3 {[%clk 01:04:53]} {[%emt 00:06:46]} Ne7
{[%clk 00:45:55]} {[%emt 00:02:47]} 15. a4 {[%clk 00:59:00]} {[%emt 00:06:23]}
b6 {[%clk 00:41:42]} {[%emt 00:04:42]} 16. Be3 {[%clk 00:56:06]} {[%emt
00:03:24]} Bb7 {[%clk 00:40:05]} {[%emt 00:02:08]} 17. Bf2 {[%clk 00:54:20]}
{[%emt 00:02:13]} Rc8 {[%clk 00:34:17]} {[%emt 00:06:20]} 18. Bh4 {[%clk
00:53:27]} {[%emt 00:01:23]} Qe8 {[%clk 00:33:36]} {[%emt 00:01:11]} 19. Bg5
{[%clk 00:52:01]} {[%emt 00:01:53]} Nf5 {[%clk 00:31:47]} {[%emt 00:02:23]} 20.
g4 {[%clk 00:51:26]} {[%emt 00:01:04]} Ne7 {[%clk 00:31:27]} {[%emt 00:00:50]}
21. Bh6 {[%clk 00:50:27]} {[%emt 00:01:29]} Bxh6 {[%clk 00:19:36]} {[%emt
00:12:21]} 22. Qxh6 {[%clk 00:45:37]} {[%emt 00:05:19]} f6 {[%clk 00:19:15]}
{[%emt 00:00:52]} 23. d4 {[%clk 00:34:53]} {[%emt 00:11:15]} cxd4 {[%clk
00:18:47]} {[%emt 00:00:58]} 24. Ncxd4 {[%clk 00:34:43]} {[%emt 00:00:39]} Nc6
{[%clk 00:18:19]} {[%emt 00:00:58]} 25. f5 {[%clk 00:13:47]} {[%emt 00:21:26]}
Nxd4 {[%clk 00:10:32]} {[%emt 00:08:17]} 26. Nxd4 {[%clk 00:12:42]} {[%emt
00:01:34]} exf5 {[%clk 00:07:05]} {[%emt 00:03:58]} 27. e6 {[%clk 00:09:49]}
{[%emt 00:03:23]} Ne5 {[%clk 00:04:45]} {[%emt 00:02:50]} 28. gxf5 {[%clk
00:09:52]} {[%emt 00:00:27]} Rc7 {[%clk 00:04:27]} {[%emt 00:00:48]} 29. Rg1
{[%clk 00:08:49]} {[%emt 00:01:32]} Kh8 {[%clk 00:02:08]} {[%emt 00:02:50]} 30.
fxg6 {[%clk 00:08:10]} {[%emt 00:01:10]} Rg7 {[%clk 00:02:05]} {[%emt
00:00:32]} 31. Bh5 {[%clk 00:06:17]} {[%emt 00:02:23]} Qe7 {[%clk 00:01:30]}
{[%emt 00:01:06]} 32. Rg2 {[%clk 00:05:14]} {[%emt 00:01:33]} f5 {[%clk
00:01:28]} {[%emt 00:00:32]} 33. Rg5 {[%clk 00:02:57]} {[%emt 00:02:44]} Nd3
{[%clk 00:00:37]} {[%emt 00:01:23]} 34. Rf1 {[%clk 00:02:37]} {[%emt 00:00:49]}
f4 {[%clk 00:00:47]} {[%emt 00:00:22]} 35. Rf3 {[%clk 00:01:50]} {[%emt
00:01:15]} Ne1 {[%clk 00:00:42]} {[%emt 00:00:37]} 36. Nf5 {[%clk 00:01:31]}
{[%emt 00:00:47]} Rxf5 {[%clk 00:00:56]} {[%emt 00:00:17]} 37. Rxf5 {[%clk
00:01:58]} {[%emt 00:00:03]} d4 {[%clk 00:00:35]} {[%emt 00:00:51]} 38. Rf7
{[%clk 00:01:02]} {[%emt 00:01:19]} Rxf7 {[%clk 00:00:38]} {[%emt 00:00:35]}
39. gxf7 {[%clk 00:01:09]} {[%emt 00:00:22]} Bxf3+ {[%clk 00:00:41]} {[%emt
00:00:28]} 40. Bxf3 {[%clk 00:01:35]} {[%emt 00:00:03]} Nxf3 {[%clk 00:00:47]}
{[%emt 00:00:24]} 41. f8=R+ {[%clk 00:01:51]} {[%emt 00:00:13]} Qxf8 {[%clk
00:01:14]} {[%emt 00:00:04]} 42. Qxf8# {[%clk 00:01:59]} {[%emt 00:00:20]} 1-0

[Event "DEM U18w 2025"]
[Site "Willingen GER"]
[Date "2025.06.08"]
[Round "2"]
[White "Trunz, Michelle"]
[Black "Czäczine, Laura"]
[Result "1-0"]
[Termination "normal"]
[Board "3"]
[WhiteTitle "WFM"]
[WhiteElo "2061"]
[BlackElo "1903"]
[WhiteClock "00:05:38"]
[BlackClock "00:01:46"]
[PlyCount "65"]
[WhiteFideId "16227980"]
[BlackFideId "16211448"]
[EventCountry "GER"]
[EventRounds "9"]
[EventType "swiss"]
[EventDate "2025.06.07"]

1. d4 {[%clk 01:30:58]} {[%emt 00:00:02]} d5 {[%clk 01:30:56]} {[%emt
00:00:04]} 2. c4 {[%clk 01:31:24]} {[%emt 00:00:04]} dxc4 {[%clk 01:31:23]}
{[%emt 00:00:04]} 3. e3 {[%clk 01:31:49]} {[%emt 00:00:06]} Nf6 {[%clk
01:31:49]} {[%emt 00:00:03]} 4. Bxc4 {[%clk 01:32:05]} {[%emt 00:00:13]} a6
{[%clk 01:32:12]} {[%emt 00:00:07]} 5. a4 {[%clk 01:31:22]} {[%emt 00:01:13]}
e6 {[%clk 01:32:05]} {[%emt 00:00:38]} 6. Nf3 {[%clk 01:31:37]} {[%emt
00:00:14]} c5 {[%clk 01:32:09]} {[%emt 00:00:26]} 7. O-O {[%clk 01:31:03]}
{[%emt 00:01:04]} Nc6 {[%clk 01:30:44]} {[%emt 00:01:55]} 8. Qe2 {[%clk
01:30:56]} {[%emt 00:00:37]} cxd4 {[%clk 01:28:41]} {[%emt 00:02:34]} 9. Rd1
{[%clk 01:31:10]} {[%emt 00:00:15]} Be7 {[%clk 01:28:26]} {[%emt 00:00:46]} 10.
exd4 {[%clk 01:30:00]} {[%emt 00:01:40]} O-O {[%clk 01:26:50]} {[%emt
00:02:05]} 11. Nc3 {[%clk 01:29:41]} {[%emt 00:00:50]} Nb4 {[%clk 01:24:59]}
{[%emt 00:02:20]} 12. Bg5 {[%clk 01:23:22]} {[%emt 00:06:49]} Re8 {[%clk
01:18:53]} {[%emt 00:06:36]} 13. Ne5 {[%clk 01:17:34]} {[%emt 00:06:18]} Nfd5
{[%clk 01:12:25]} {[%emt 00:06:58]} 14. Be3 {[%clk 01:11:26]} {[%emt 00:06:38]}
b6 {[%clk 01:04:29]} {[%emt 00:08:27]} 15. Nxd5 {[%clk 01:04:23]} {[%emt
00:07:33]} exd5 {[%clk 01:02:59]} {[%emt 00:02:00]} 16. Qf3 {[%clk 00:56:40]}
{[%emt 00:08:11]} Bf6 {[%clk 00:53:35]} {[%emt 00:09:54]} 17. Bf4 {[%clk
00:41:40]} {[%emt 00:15:31]} Bf5 {[%clk 00:43:47]} {[%emt 00:10:18]} 18. Bb3
{[%clk 00:39:40]} {[%emt 00:02:30]} Be4 {[%clk 00:37:28]} {[%emt 00:06:49]} 19.
Qc3 {[%clk 00:32:38]} {[%emt 00:07:33]} a5 {[%clk 00:31:47]} {[%emt 00:06:10]}
20. Ng4 {[%clk 00:27:42]} {[%emt 00:05:26]} Rc8 {[%clk 00:27:51]} {[%emt
00:04:26]} 21. Qg3 {[%clk 00:26:11]} {[%emt 00:02:00]} Nc2 {[%clk 00:23:49]}
{[%emt 00:04:32]} 22. Bxc2 {[%clk 00:19:36]} {[%emt 00:07:05]} Rxc2 {[%clk
00:23:50]} {[%emt 00:00:30]} 23. Re1 {[%clk 00:15:59]} {[%emt 00:04:07]} Bh4
{[%clk 00:13:54]} {[%emt 00:10:26]} 24. Qb3 {[%clk 00:11:07]} {[%emt 00:05:23]}
Rc6 {[%clk 00:08:02]} {[%emt 00:06:22]} 25. Ne5 {[%clk 00:09:26]} {[%emt
00:02:10]} Rce6 {[%clk 00:04:11]} {[%emt 00:04:20]} 26. Rac1 {[%clk 00:07:43]}
{[%emt 00:02:13]} Bg5 {[%clk 00:02:58]} {[%emt 00:01:44]} 27. Qg3 {[%clk
00:06:54]} {[%emt 00:01:18]} Bxf4 {[%clk 00:03:14]} {[%emt 00:00:14]} 28. Qxf4
{[%clk 00:07:23]} {[%emt 00:00:02]} Rf6 {[%clk 00:03:02]} {[%emt 00:00:42]} 29.
Qg3 {[%clk 00:06:50]} {[%emt 00:01:03]} Rf5 {[%clk 00:02:59]} {[%emt 00:00:32]}
30. f3 {[%clk 00:06:00]} {[%emt 00:01:21]} Rg5 {[%clk 00:02:48]} {[%emt
00:00:40]} 31. Qf4 {[%clk 00:05:28]} {[%emt 00:01:03]} Bf5 {[%clk 00:02:31]}
{[%emt 00:00:47]} 32. Nc6 {[%clk 00:05:09]} {[%emt 00:00:48]} Rxe1+ {[%clk
00:01:46]} {[%emt 00:01:15]} 33. Rxe1 {[%clk 00:05:38]} {[%emt 00:00:01]} 1-0

[Event "DEM U18w 2025"]
[Site "Willingen GER"]
[Date "2025.06.08"]
[Round "2"]
[White "Reich, Elisabeth"]
[Black "Neumann, Helena"]
[Result "0-1"]
[Termination "normal"]
[Board "4"]
[BlackTitle "WFM"]
[WhiteElo "1830"]
[BlackElo "2017"]
[WhiteClock "00:50:43"]
[BlackClock "00:24:54"]
[PlyCount "124"]
[WhiteFideId "16239776"]
[BlackFideId "16275365"]
[EventCountry "GER"]
[EventRounds "9"]
[EventType "swiss"]
[EventDate "2025.06.07"]

1. e4 {[%clk 01:30:58]} {[%emt 00:00:02]} c6 {[%clk 01:30:57]} {[%emt
00:00:04]} 2. d3 {[%clk 01:31:24]} {[%emt 00:00:04]} d5 {[%clk 01:31:23]}
{[%emt 00:00:03]} 3. Nd2 {[%clk 01:31:50]} {[%emt 00:00:04]} e5 {[%clk
01:31:49]} {[%emt 00:00:05]} 4. Ngf3 {[%clk 01:32:15]} {[%emt 00:00:04]} Bd6
{[%clk 01:32:15]} {[%emt 00:00:05]} 5. g3 {[%clk 01:32:41]} {[%emt 00:00:03]}
Nf6 {[%clk 01:32:40]} {[%emt 00:00:05]} 6. Bg2 {[%clk 01:33:08]} {[%emt
00:00:03]} O-O {[%clk 01:33:05]} {[%emt 00:00:06]} 7. O-O {[%clk 01:33:34]}
{[%emt 00:00:04]} Re8 {[%clk 01:33:33]} {[%emt 00:00:02]} 8. Re1 {[%clk
01:33:46]} {[%emt 00:00:17]} Nbd7 {[%clk 01:33:54]} {[%emt 00:00:09]} 9. a4
{[%clk 01:34:07]} {[%emt 00:00:10]} a5 {[%clk 01:33:23]} {[%emt 00:01:00]} 10.
c3 {[%clk 01:33:02]} {[%emt 00:01:35]} Qc7 {[%clk 01:29:06]} {[%emt 00:04:47]}
11. Nf1 {[%clk 01:28:11]} {[%emt 00:05:21]} dxe4 {[%clk 01:19:46]} {[%emt
00:09:52]} 12. dxe4 {[%clk 01:28:38]} {[%emt 00:00:02]} Nc5 {[%clk 01:20:08]}
{[%emt 00:00:08]} 13. Qc2 {[%clk 01:26:21]} {[%emt 00:02:46]} Be6 {[%clk
01:20:31]} {[%emt 00:00:07]} 14. N3d2 {[%clk 01:23:25]} {[%emt 00:03:25]} Red8
{[%clk 01:08:58]} {[%emt 00:12:04]} 15. Ne3 {[%clk 01:21:32]} {[%emt 00:02:22]}
Bf8 {[%clk 01:09:09]} {[%emt 00:00:20]} 16. b3 {[%clk 01:13:20]} {[%emt
00:08:42]} Rxd2 {[%clk 01:01:04]} {[%emt 00:08:36]} 17. Bxd2 {[%clk 01:13:26]}
{[%emt 00:00:24]} Bxb3 {[%clk 01:01:25]} {[%emt 00:00:09]} 18. Qb1 {[%clk
01:12:44]} {[%emt 00:01:10]} Bxa4 {[%clk 00:54:46]} {[%emt 00:07:11]} 19. Nf5
{[%clk 01:08:33]} {[%emt 00:04:39]} Bb3 {[%clk 00:51:49]} {[%emt 00:03:28]} 20.
Bg5 {[%clk 01:04:58]} {[%emt 00:04:05]} a4 {[%clk 00:49:43]} {[%emt 00:02:36]}
21. Bxf6 {[%clk 01:03:03]} {[%emt 00:02:25]} gxf6 {[%clk 00:50:06]} {[%emt
00:00:08]} 22. Bf1 {[%clk 01:02:13]} {[%emt 00:01:19]} b5 {[%clk 00:40:31]}
{[%emt 00:10:05]} 23. Qb2 {[%clk 00:56:49]} {[%emt 00:05:52]} Be6 {[%clk
00:38:55]} {[%emt 00:02:08]} 24. Nh4 {[%clk 00:55:13]} {[%emt 00:02:04]} Nb3
{[%clk 00:37:43]} {[%emt 00:01:44]} 25. Ra2 {[%clk 00:53:49]} {[%emt 00:01:53]}
a3 {[%clk 00:35:52]} {[%emt 00:02:23]} 26. Qe2 {[%clk 00:52:12]} {[%emt
00:02:05]} Qa5 {[%clk 00:31:14]} {[%emt 00:05:10]} 27. c4 {[%clk 00:45:51]}
{[%emt 00:06:51]} Bxc4 {[%clk 00:29:20]} {[%emt 00:02:24]} 28. Qg4+ {[%clk
00:46:14]} {[%emt 00:00:05]} Kh8 {[%clk 00:29:47]} {[%emt 00:00:04]} 29. Rd1
{[%clk 00:45:35]} {[%emt 00:01:06]} Be6 {[%clk 00:27:32]} {[%emt 00:02:47]} 30.
Nf5 {[%clk 00:45:36]} {[%emt 00:00:29]} Nd4 {[%clk 00:27:20]} {[%emt 00:00:43]}
31. Raa1 {[%clk 00:44:25]} {[%emt 00:01:40]} a2 {[%clk 00:26:42]} {[%emt
00:01:09]} 32. Qh5 {[%clk 00:43:55]} {[%emt 00:00:58]} Nb3 {[%clk 00:24:49]}
{[%emt 00:02:24]} 33. Qh4 {[%clk 00:44:10]} {[%emt 00:00:15]} Bxf5 {[%clk
00:25:00]} {[%emt 00:00:20]} 34. Rxa2 {[%clk 00:42:46]} {[%emt 00:01:54]} Qxa2
{[%clk 00:24:51]} {[%emt 00:00:40]} 35. Qxf6+ {[%clk 00:43:00]} {[%emt
00:00:15]} Kg8 {[%clk 00:24:49]} {[%emt 00:00:32]} 36. exf5 {[%clk 00:43:00]}
{[%emt 00:00:30]} Nd4 {[%clk 00:21:59]} {[%emt 00:03:20]} 37. Bg2 {[%clk
00:43:07]} {[%emt 00:00:22]} Qc2 {[%clk 00:20:58]} {[%emt 00:01:31]} 38. Re1
{[%clk 00:43:22]} {[%emt 00:00:14]} Qxf5 {[%clk 00:21:11]} {[%emt 00:00:18]}
39. Qh4 {[%clk 00:43:38]} {[%emt 00:00:13]} Nf3+ {[%clk 00:20:24]} {[%emt
00:01:18]} 40. Bxf3 {[%clk 00:44:01]} {[%emt 00:00:07]} Qxf3 {[%clk 00:20:51]}
{[%emt 00:00:04]} 41. Qg5+ {[%clk 00:44:21]} {[%emt 00:00:09]} Bg7 {[%clk
00:21:16]} {[%emt 00:00:06]} 42. Qe7 {[%clk 00:44:32]} {[%emt 00:00:18]} Qf6
{[%clk 00:20:52]} {[%emt 00:00:56]} 43. Qb7 {[%clk 00:44:52]} {[%emt 00:00:09]}
Ra2 {[%clk 00:20:49]} {[%emt 00:00:33]} 44. Rf1 {[%clk 00:45:03]} {[%emt
00:00:19]} Bf8 {[%clk 00:19:44]} {[%emt 00:01:35]} 45. Qc8 {[%clk 00:45:23]}
{[%emt 00:00:09]} b4 {[%clk 00:18:29]} {[%emt 00:01:46]} 46. Qg4+ {[%clk
00:45:39]} {[%emt 00:00:14]} Qg6 {[%clk 00:18:56]} {[%emt 00:00:04]} 47. Qc4
{[%clk 00:46:02]} {[%emt 00:00:06]} Rc2 {[%clk 00:19:09]} {[%emt 00:00:18]} 48.
Qb3 {[%clk 00:46:19]} {[%emt 00:00:11]} Rc3 {[%clk 00:19:32]} {[%emt 00:00:09]}
49. Qb2 {[%clk 00:46:43]} {[%emt 00:00:04]} Qc2 {[%clk 00:19:56]} {[%emt
00:00:07]} 50. Qxc2 {[%clk 00:47:05]} {[%emt 00:00:08]} Rxc2 {[%clk 00:20:22]}
{[%emt 00:00:05]} 51. Rb1 {[%clk 00:47:25]} {[%emt 00:00:10]} c5 {[%clk
00:20:48]} {[%emt 00:00:03]} 52. f4 {[%clk 00:47:50]} {[%emt 00:00:05]} exf4
{[%clk 00:21:14]} {[%emt 00:00:04]} 53. gxf4 {[%clk 00:48:13]} {[%emt
00:00:07]} c4 {[%clk 00:21:41]} {[%emt 00:00:03]} 54. f5 {[%clk 00:48:33]}
{[%emt 00:00:10]} b3 {[%clk 00:22:05]} {[%emt 00:00:06]} 55. f6 {[%clk
00:48:55]} {[%emt 00:00:07]} b2 {[%clk 00:22:33]} {[%emt 00:00:03]} 56. h4
{[%clk 00:49:16]} {[%emt 00:00:08]} Rc1+ {[%clk 00:22:58]} {[%emt 00:00:06]}
57. Rxc1 {[%clk 00:49:41]} {[%emt 00:00:05]} bxc1=Q+ {[%clk 00:23:22]} {[%emt
00:00:06]} 58. Kg2 {[%clk 00:50:05]} {[%emt 00:00:06]} Qf4 {[%clk 00:23:45]}
{[%emt 00:00:07]} 59. h5 {[%clk 00:50:29]} {[%emt 00:00:06]} c3 {[%clk
00:23:54]} {[%emt 00:00:21]} 60. h6 {[%clk 00:50:53]} {[%emt 00:00:06]} c2
{[%clk 00:24:18]} {[%emt 00:00:06]} 61. Kh3 {[%clk 00:50:24]} {[%emt 00:00:59]}
c1=Q {[%clk 00:24:26]} {[%emt 00:00:23]} 62. Kg2 {[%clk 00:50:43]} {[%emt
00:00:09]} Qcf1# {[%clk 00:24:54]} {[%emt 00:00:03]} 0-1